Subnautica: All Fauna - Statistics

General Stats
  • This quiz has been taken 35 times
    31 since last reset
  • The average score is 50 of 105
Answer Stats
Answer % Correct
Reaper Leviathan
100%
Ghost Leviathan
94%
{Ghost Leviathan} Juvenile
94%
Sea Dragon Leviathan
94%
Sea Emperor Leviathan
94%
{Sea Emperor Leviathan} Baby
94%
{Sea Emperor Leviathan} Juvenile
94%
Juvenile {Ventgarden}
81%
Reefback Leviathan
81%
{Reefback Leviathan} Juvenile
81%
Sea Treader Leviathan
81%
Shadow Leviathan
81%
Ventgarden
81%
Alpha {Peeper} Species
75%
Ice Worm
75%
Peeper
75%
Boneshark
69%
{Gargantuan} Fossil
69%
Sand Shark
69%
Biter
63%
Blood Crawler
63%
Boomerang
63%
Cave Crawler
63%
Crimson Ray
63%
Snow Stalker
63%
{Snow Stalker} Baby
63%
Stalker
63%
Alpha {Ray} Species
56%
Ampeel
56%
Bladderfish
56%
Bleeder
56%
Blighter
56%
Chelicerate
56%
Crabsquid
56%
Cuddlefish
56%
Garryfish
56%
Hoopfish
56%
Magmarang
56%
Rabbit Ray
56%
Red Eyeye
56%
River Prowler
56%
Spinefish
56%
Squidshark
56%
Void Chelicerate
56%
Arctic Peeper
50%
Crashfish
50%
Eyeye
50%
Gasopod
50%
Ghostray
50%
Glow Whale
50%
Holefish
50%
Hoverfish
50%
Jellyray
50%
Lava Larva
50%
Lava Lizard
50%
Reginald
50%
Rockgrub
50%
Sea Monkey
50%
{Sea Monkey} Baby
50%
Skyray
50%
Warper
50%
{Ancient} Skeleton
44%
Brute Shark
44%
Crabsnake
44%
Mesmer
44%
Shuttlebug
44%
Spadefish
44%
Symbiote
44%
Titan Holefish
44%
Amoeboid
38%
Cryptosuchus
38%
Floater
38%
Oculus
38%
Pengling
38%
Pengwing
38%
Red Feather Fish
38%
Ancient Floater
31%
Arctic Ray
31%
Brinewing
31%
Discus Fish
31%
Feather Fish
31%
Frozen Leviathan
31%
Pinnacarid
31%
Spinner Fish
31%
Triops
31%
Arrow Ray
25%
Eye Jelly
25%
Hivemind
25%
Lily Paddler
25%
Noot Fish
25%
Rock Puncher
25%
Table Coral
25%
Spikey Trap
19%
Trivalve
19%
Brain Coral
13%
{Research} Specimen Theta
13%
Giant Coral Tubes
6%
Pyrocoral
6%
Shelf Coral
6%
Coral Bridges
0%
Coral Shell Plate
0%
Earthen Coral Tubes
0%
Slanted Shell Plate
0%
Tree Mushroom
0%
Veined Shell Plate
0%
No matching quizzes found
Score Distribution
Percent of People with Each Score
Percentile by Number Answered
Your Score History
You have not taken this quiz since the last reset